Facultad de Derecho – Universidad Nacional de Mar del Plata

El arbitraje comercial internacional en iberoamerica marco legal y jurisprudencial (Record no. 2392)

MARC details
000 -LEADER
fixed length control field 00971cam a22003137a 4500
001 - CONTROL NUMBER
control field 002402
003 - CONTROL NUMBER IDENTIFIER
control field armpunfd
005 - DATE AND TIME OF LATEST TRANSACTION
control field 20140612090707.0
008 - FIXED-LENGTH DATA ELEMENTS--GENERAL INFORMATION
fixed length control field 110314e2009a##########000#0##nd#d
020 ## - INTERNATIONAL STANDARD BOOK NUMBER
International Standard Book Number 9789586538022
040 ## - CATALOGING SOURCE
Original cataloging agency armpunfd
Transcribing agency armpunfd
080 ## - UNIVERSAL DECIMAL CLASSIFICATION NUMBER
Universal Decimal Classification number 341.63 AR 16
100 10 - MAIN ENTRY--PERSONAL NAME
Personal name Conejero Roos, Csitian
245 10 - TITLE STATEMENT
Title El arbitraje comercial internacional en iberoamerica marco legal y jurisprudencial
260 ## - PUBLICATION, DISTRIBUTION, ETC. (IMPRINT)
Place of publication, distribution, etc Bogota-Buenos aires :
Name of publisher, distributor, etc Legis.
300 ## - PHYSICAL DESCRIPTION
Extent 1217 p.
650 #7 - SUBJECT ADDED ENTRY--TOPICAL TERM
Topical term or geographic name as entry element Arbitraje Comercial Internacional
Source of heading or term LEMB
650 #7 - SUBJECT ADDED ENTRY--TOPICAL TERM
Topical term or geographic name as entry element Arbitraje Comercial
Source of heading or term LEMB
650 #7 - SUBJECT ADDED ENTRY--TOPICAL TERM
Topical term or geographic name as entry element Convenio Arbitral
Source of heading or term LEMB
650 #7 - SUBJECT ADDED ENTRY--TOPICAL TERM
Topical term or geographic name as entry element Derecho Comercial
Source of heading or term LEMB
650 #7 - SUBJECT ADDED ENTRY--TOPICAL TERM
Topical term or geographic name as entry element Iberoamerica
Source of heading or term LEMB
650 #7 - SUBJECT ADDED ENTRY--TOPICAL TERM
Topical term or geographic name as entry element Laudo Arbitral
Source of heading or term LEMB
650 #7 - SUBJECT ADDED ENTRY--TOPICAL TERM
Topical term or geographic name as entry element Procedimiento Arbitral
Source of heading or term LEMB
700 10 - ADDED ENTRY--PERSONAL NAME
Personal name Hierro Hernandez-Mora, Antonio
700 10 - ADDED ENTRY--PERSONAL NAME
Personal name Macchia, Valeria
700 10 - ADDED ENTRY--PERSONAL NAME
Personal name Soto Coaguila, Carlos (Coord.)
942 ## - ADDED ENTRY ELEMENTS (KOHA)
Koha item type LIBRO
Source of classification or shelving scheme
945 ## - LOCAL PROCESSING INFORMATION (OCLC)
a Catalis
d 2010-08-19
Holdings
Withdrawn status Lost status Source of classification or shelving scheme Damaged status Not for loan Home library Current library Shelving location Date acquired Total Checkouts Full call number Barcode Date last seen Price effective from Koha item type
          Bib. Derecho Bib. Derecho Sector Prestamo 12/06/2014   341.63 AR 16 202438 12/06/2014 12/06/2014 LIBRO

XHTML | CSS | ©Biblioteca Central - Dto. Tecnología de la Información - [ Con tecnología Koha ]